Capitals of Asia - One Minute Sprint - Statistics

General Stats
  • This quiz has been taken 20,379 times
  • The average score is 21 of 48
Answer Stats
capital city % Correct
Tokyo
88%
Beijing
87%
New Delhi
78%
Seoul
76%
Bangkok
63%
Jakarta
63%
Tehran
57%
Hanoi
55%
Pyongyang
54%
Baghdad
53%
Riyadh
53%
Jerusalem
52%
Manila
51%
Islamabad
50%
Ankara
48%
Singapore
48%
Taipei
44%
Abu Dhabi
43%
Doha
43%
Kuala Lumpur
43%
Baku
42%
Beirut
41%
Ulaanbaatar
41%
Amman
40%
Kabul
40%
Nursultan
40%
Dhaka
39%
Muscat
39%
Damascus
38%
Sana'a
38%
Kathmandu
36%
Tashkent
33%
Tbilisi
33%
Vientiane
33%
Bishkek
32%
Dili
32%
Yerevan
32%
Kuwait City
30%
Phnom Penh
29%
Manama
28%
Ashgabat
27%
Thimphu
26%
Dushanbe
24%
Bandar Seri Begawan
23%
Sri Jayawardenepura Kotte
22%
Malé
22%
Nicosia
21%
Naypyidaw
18%
No matching quizzes found
Score Distribution
Percent of People with Each Score
Percentile by Number Answered
Your Score History
You have not taken this quiz